80s Songs - Hard - Statistics

General Stats
  • This quiz has been taken 177 times
  • The average score is 9 of 15
Answer Stats
Song Answer % Correct
Take On me AHA
96%
Mamma Mia Abba
91%
Tainted Love Softcell
85%
Vogue Madonna
82%
West End Girls Pet Shop Boys
81%
Sweet Caroline Neil Diamond
76%
Rock me Amadeus Falco
75%
Wild Boys Duran Duran
65%
Ghostbusters Ray Parker jr
62%
The Best Tina Turner
45%
Diamonds and pearls Prince
37%
Prince Charming Adam and the Ants
35%
Road to hell Chris Rea
19%
Never too much Luther Vandross
16%
Unbreakable Michael Jackson
4%
No matching quizzes found
Score Distribution
Percent of People with Each Score
Percentile by Number Answered
Your Score History
You have not taken this quiz